A képességek fejlődésének logisztikus modellje

Elmentve itt :
Bibliográfiai részletek
Szerzők: Molnár Gyöngyvér
Csapó Benő
Dokumentumtípus: Cikk
Megjelent: 2003
Sorozat:Iskolakultúra 13 No. 2
Online Access:http://misc.bibl.u-szeged.hu/39756
LEADER 00619nab a2200181 i 4500
001 misc39756
005 20191106140816.0
008 180709s2003 hu o 0|| zxx d
022 |a 1215-5233 
040 |a SZTE Miscellanea Repozitórium  |b hun 
041 |a zxx 
100 1 |a Molnár Gyöngyvér 
245 1 2 |a A képességek fejlődésének logisztikus modellje  |h [elektronikus dokumentum] /  |c  Molnár Gyöngyvér 
260 |c 2003 
300 |a 57-69 
490 0 |a Iskolakultúra  |v 13 No. 2 
700 0 1 |a Csapó Benő  |e aut 
856 4 0 |u http://misc.bibl.u-szeged.hu/39756/1/EPA00011_iskolakultura_2003_02_057-069.pdf  |z Dokumentum-elérés